كيسنجر وادارة الصراع الدولى : (رقم التسجيلة. 122664)

تفاصيل مارك
000 -LEADER
fixed length control field 01205cam a2200301 a 4500
003 - CONTROL NUMBER IDENTIFIER
control field EG-GiCUC
008 - FIXED-LENGTH DATA ELEMENTS--GENERAL INFORMATION
fixed length control field 110523s1986 ua g 000 0 ara d
017 ## - COPYRIGHT OR LEGAL DEPOSIT NUMBER
Copyright or legal deposit number 86/7687
Assigning agency مصر . دار الكتب
020 ## - INTERNATIONAL STANDARD BOOK NUMBER
International Standard Book Number 9771350420
040 ## - CATALOGING SOURCE
Original cataloging agency EG-GiCUC
Language of cataloging ara
Transcribing agency EG-GiCUC
043 ## - GEOGRAPHIC AREA CODE
Geographic area code n-us---
050 #4 - LIBRARY OF CONGRESS CALL NUMBER
Classification number E840.8.K58
Item number H84 1986
092 04 - LOCALLY ASSIGNED DEWEY CALL NUMBER (OCLC)
Classification number 973.924092
Item number H985 1986
Edition number 21
099 ## - LOCAL FREE-TEXT CALL NUMBER (OCLC)
Classification number 04
-- 973.924092 H985 1986
100 1# - MAIN ENTRY--PERSONAL NAME
Personal name هويدى : امين
245 10 - TITLE STATEMENT
Title كيسنجر وادارة الصراع الدولى :
Remainder of title فيتنام . الوفاق الدولى . ايلول الاسود . حرب اكتوبر73 /
Statement of responsibility, etc. امين هويدى
250 ## - EDITION STATEMENT
Edition statement ط2
260 ## - PUBLICATION, DISTRIBUTION, ETC.
Place of publication, distribution, etc. القاهرة :
Name of publisher, distributor, etc. دار الموقف العربى:
Date of publication, distribution, etc. 1986
300 ## - PHYSICAL DESCRIPTION
Extent 343ص؛
Dimensions 24سم
504 ## - BIBLIOGRAPHY, ETC. NOTE
Bibliography, etc. note يشتمل على ارجاعات ببليوجرافية
600 10 - SUBJECT ADDED ENTRY--PERSONAL NAME
Personal name كيسنجر : هنرى :
Dates associated with a name 1923-
651 #7 - SUBJECT ADDED ENTRY--GEOGRAPHIC NAME
Geographic name الولايات المتحدة الامريكية
General subdivision العلاقات الخارجية
Chronological subdivision 1969-1974
Source of heading or term qrmak
902 ## - LOCAL DATA ELEMENT B, LDB (RLIN)
No. of Items 1
905 ## - LOCAL DATA ELEMENT E, LDE (RLIN)
Cataloger ايمان
Reviser مراجع
905 ## - LOCAL DATA ELEMENT E, LDE (RLIN)
Cataloger عبير
Reviser مدخل
942 ## - ADDED ENTRY ELEMENTS (KOHA)
Source of classification or shelving scheme Dewey Decimal Classification
Koha item type Books
المقتنيات
Source of classification or shelving scheme Not for loan Home library Current library Date acquired Full call number Barcode Date last seen Copy number Koha item type
Dewey Decimal Classification   المكتبة المركزبة الجديدة - جامعة القاهرة قاعة المكتبات المهداة - الدور الرابع 11.02.2024 973.924092 H985 1986 H.G. 01000100133200000 23.06.2024 C.1 Books
Cairo University Libraries Portal Implemented & Customized by: Eng. M. Mohamady Contacts: new-lib@cl.cu.edu.eg | cnul@cl.cu.edu.eg
CUCL logo CNUL logo
© All rights reserved — Cairo University Libraries
CUCL logo
Implemented & Customized by: Eng. M. Mohamady Contact: new-lib@cl.cu.edu.eg © All rights reserved — New Central Library
CNUL logo
Implemented & Customized by: Eng. M. Mohamady Contact: cnul@cl.cu.edu.eg © All rights reserved — Cairo National University Library